000 00283nam a22001217a 4500
008 160507b xxu||||| |||| 00| 0 eng d
020 _a9780805371468
020 _a080537146
041 _aeng
080 _a573
245 _aBiology:
_cNeil A.Campbell; Jane B.Reece;
942 _2udc
_cBK
999 _c1892
_d1892